[Event "Challenge"]
[Site "http://www.queenalice.com/game.php?id=197609"]
[Date "2007.4.16"]
[Round "-"]
[White "pyramidal"]
[Black "Deton"]
[Result "0-1"]
[WhiteElo "1920"]
[BlackElo "1938"]

1. d4 d5 2. Nf3 Nf6 3. c4 c6 4. e3 Bf5 5. Nc3 e6 6. Be2 Bd6 7. O-O Ne4 8. Bd3
Qf6 9. Qb3 b6 10. cxd5 exd5 11. Qc2 Nxc3 12. bxc3 Bxd3 13. Qxd3 O-O 14. a4 h6
15. Ba3 Bxa3 16. Rxa3 Qd6 17. Raa1 Nd7 18. Rfc1 a5 19. c4 Rfc8 20. Rc3 Qb4 21.
Nd2 c5 22. Rb3 dxc4 23. Nxc4 Ne5 24. Nxe5 c4 25. Rxb4 cxd3 26. Rxb6 d2 27. Rbb1
Rc2 28. Nd7 Rac8 29. Nc5 Kh7 30. Kf1 Rb8 31. Rd1 Rbb2 32. Ke2 Rc1 33. Nd3 Rbc2
34. d5 Kg8 35. Kf3 Rxd1 0-1

[Event "AUTO-MASTER-306"]
[Site "http://www.queenalice.com/game.php?id=204396"]
[Date "2007.4.30"]
[Round "1"]
[White "Rusty"]
[Black "pyramidal"]
[Result "1-0"]
[WhiteElo "2203"]
[BlackElo "1883"]

1. d4 d5 2. c4 c6 3. Nf3 Nf6 4. Nc3 dxc4 5. a4 Nd5 6. e4 Nxc3 7. bxc3 Qa5 8. Qd2
b5 9. Qb2 e6 10. axb5 Qxb5 11. Qa2 Qb3 12. Bxc4 Qxa2 13. Rxa2 Nd7 14. Bf4 Be7
15. O-O O-O 16. Rfa1 Nb6 17. Be2 a6 18. Ne5 Bb7 19. Bxa6 Ra7 20. Bxb7 Rxb7 21.
Nxc6 Rc8 22. Nxe7+ Rxe7 23. Bd6 Rb7 24. Rb2 f6 25. Bc5 Rcb8 26. Rab1 1-0

[Event "AUTO-MASTER-306"]
[Site "http://www.queenalice.com/game.php?id=204397"]
[Date "2007.4.30"]
[Round "1"]
[White "pyramidal"]
[Black "Rusty"]
[Result "0-1"]
[WhiteElo "1880"]
[BlackElo "2224"]

1. d4 d5 2. c4 dxc4 3. Nc3 e5 4. dxe5 Qxd1+ 5. Nxd1 Be6 6. Nf3 Nd7 7. e3 g6 8.
Bd2 Bg7 9. Rc1 b5 10. Nd4 a6 11. Nxe6 fxe6 12. f4 Ne7 13. Bb4 Nc6 14. Bd2 O-O
15. b3 Nc5 16. Nb2 Rad8 17. Nxc4 Ne4 18. Nd6 cxd6 19. Rxc6 Nxd2 20. Kxd2 dxe5+
21. Ke1 exf4 22. e4 Rd4 23. Rxe6 Rc8 24. Rxa6 Rxe4+ 25. Kd2 Bf8 26. Bxb5 Bb4+
27. Kd1 Rd4+ 28. Ke2 Rc2+ 29. Kf3 Rc3+ 30. Kf2 Rd2+ 31. Be2 Bc5+ 32. Ke1 Rcc2
33. Re6 Be3 0-1

[Event "AUTO-MASTER-306"]
[Site "http://www.queenalice.com/game.php?id=204412"]
[Date "2007.4.30"]
[Round "1"]
[White "pyramidal"]
[Black "Gil"]
[Result "1-0"]
[WhiteElo "1908"]
[BlackElo "2151"]

1. d4 d5 2. c4 dxc4 3. Nc3 c6 4. a4 g6 5. Nf3 Bd7 6. Ne5 b5 7. axb5 cxb5 8. e3
Bg7 9. Qf3 Bxe5 10. Qxa8 Bg7 11. Qxa7 Nc6 12. Qa8 Nb4 13. Qxd8+ Kxd8 14. Ra8+
Kc7 15. Ra7+ Kc8 16. Rxd7 Kxd7 17. Nxb5 Nd3+ 18. Bxd3 cxd3 19. Kd2 e6 20. Kxd3
Ne7 21. Na3 Rb8 22. Nc4 Rb5 23. Bd2 Rg5 24. g3 Nc6 25. Na3 Rh5 26. Ke2 g5 27.
Nc2 g4 28. Kf1 e5 29. Bc3 Kd6 30. Kg2 Kd5 31. dxe5 Bxe5 32. Rd1+ Ke6 33. Nd4+
Bxd4 34. Bxd4 Nxd4 35. Rxd4 Rg5 36. h3 gxh3+ 37. Kxh3 Rb5 38. b4 f6 39. g4 h5
40. f4 hxg4+ 41. Kxg4 Rb6 42. e4 f5+ 43. exf5+ Kf6 44. Re4 Rb8 45. Kf3 Rb7 46.
Rc4 Rb6 47. Ke4 Rb5 48. Rd4 Ke7 49. Kd3 Rxf5 50. Kc4 Rf8 51. b5 Rb8 52. Kc5 Rc8+
53. Kb6 Rb8+ 54. Kc6 Rc8+ 55. Kb7 Rc5 56. b6 1-0

[Event "AUTO-MASTER-306"]
[Site "http://www.queenalice.com/game.php?id=204413"]
[Date "2007.4.30"]
[Round "1"]
[White "Gil"]
[Black "pyramidal"]
[Result "1-0"]
[WhiteElo "2169"]
[BlackElo "1888"]

1. d4 Nf6 2. e3 e6 3. c4 d5 4. Nc3 c5 5. Nf3 Nc6 6. dxc5 Bxc5 7. cxd5 exd5 8.
Bb5 O-O 9. O-O Bg4 10. h3 Bxf3 11. Qxf3 Ne5 12. Qf5 Qe7 13. e4 a6 14. Ba4 b5 15.
Bb3 g6 16. Qg5 dxe4 17. Qh4 Ned7 18. Bg5 Qe5 19. Bf4 Qf5 20. Rad1 Rfe8 21. Nd5
Rac8 22. g4 Qe6 23. Nxf6+ Qxf6 24. Bg5 Qc6 25. Bxf7+ Kxf7 26. Qxh7+ Ke6 27.
Qxg6+ 1-0

[Event "AUTO-MASTER-306"]
[Site "http://www.queenalice.com/game.php?id=204414"]
[Date "2007.4.30"]
[Round "1"]
[White "pyramidal"]
[Black "kaikovisk"]
[Result "1-0"]
[WhiteElo "1881"]
[BlackElo "1557"]

1. d4 d5 2. c4 e6 3. Nf3 c5 4. Nc3 Nf6 5. Bg5 Qb6 6. Qc2 Nc6 7. cxd5 Nxd5 8. Na4
Ndb4 9. Qd1 Qa5 10. Bd2 b5 11. Nxc5 Bxc5 12. dxc5 1-0

[Event "AUTO-MASTER-306"]
[Site "http://www.queenalice.com/game.php?id=204415"]
[Date "2007.4.30"]
[Round "1"]
[White "kaikovisk"]
[Black "pyramidal"]
[Result "0-1"]
[WhiteElo "1560"]
[BlackElo "1878"]

1. e4 c5 2. Nf3 Nc6 3. c4 d6 4. d3 g6 5. Be3 Bg7 6. Nc3 Qb6 7. Qc2 e6 8. Na4 Qc7
9. Be2 Bd7 10. Nc3 Nf6 11. Nb5 Qb8 0-1

[Event "AUTO-ADV-393"]
[Site "http://www.queenalice.com/game.php?id=214477"]
[Date "2007.5.21"]
[Round "2"]
[White "hartto"]
[Black "pyramidal"]
[Result "0-1"]
[WhiteElo "1947"]
[BlackElo "1904"]

1. e4 c5 2. Nf3 Nc6 3. d4 cxd4 4. Bc4 Qb6 5. O-O e6 6. Na3 a6 7. b3 Nf6 8. e5
Ng4 9. Bb2 Qa5 10. Nxd4 Ngxe5 11. Nxc6 bxc6 12. Qh5 Nxc4 13. Qxa5 Nxa5 14. c4
Rb8 15. Nc2 Nxc4 0-1

[Event "AUTO-ADV-393"]
[Site "http://www.queenalice.com/game.php?id=214478"]
[Date "2007.5.21"]
[Round "2"]
[White "pyramidal"]
[Black "hartto"]
[Result "1-0"]
[WhiteElo "1884"]
[BlackElo "1989"]

1. d4 Nf6 2. f4 d5 3. c4 dxc4 4. Nc3 c6 5. e4 e6 6. Bxc4 Bb4 7. e5 Ne4 8. Qd3
Nxc3 9. bxc3 Ba5 10. Ba3 b5 11. Bb3 Ba6 12. Bb4 c5 13. Bxc5 b4 14. Ba4+ 1-0

[Event "AUTO-ADV-393"]
[Site "http://www.queenalice.com/game.php?id=214481"]
[Date "2007.5.21"]
[Round "2"]
[White "yo_soy_lo_mejor"]
[Black "pyramidal"]
[Result "1-0"]
[WhiteElo "1972"]
[BlackElo "1934"]

1. e4 c5 2. Nf3 Nc6 3. d4 cxd4 4. Bc4 e6 5. Nxd4 a6 6. Be3 Nf6 7. Nc3 Qc7 8. a4
Bb4 9. Nb3 Ne5 10. Be2 Bxc3+ 11. bxc3 Nxe4 12. Bd4 Nxc3 13. Bxc3 Qxc3+ 14. Qd2
Qxd2+ 15. Nxd2 d5 16. Rb1 O-O 17. O-O Nc6 18. Nf3 Rb8 19. Rb2 Bd7 20. Rfb1 e5
21. h3 e4 22. Nd2 Nd4 23. Bxa6 Bxa4 24. Rxb7 1-0

[Event "AUTO-ADV-393"]
[Site "http://www.queenalice.com/game.php?id=214482"]
[Date "2007.5.21"]
[Round "2"]
[White "pyramidal"]
[Black "yo_soy_lo_mejor"]
[Result "0-1"]
[WhiteElo "1922"]
[BlackElo "1964"]

1. d4 d5 2. c4 Nf6 3. Nf3 e6 4. Nc3 c5 5. e3 Nc6 6. Qc2 a6 7. Bd3 dxc4 8. Bxc4
b5 9. Nxb5 axb5 10. Bxb5 Qa5+ 11. Bd2 Qxb5 12. a4 Qb6 13. a5 Qb5 14. dxc5 Bxc5
15. Rb1 Ba6 16. Bc3 Nd5 17. Nd4 Bxd4 18. exd4 Rc8 19. Kd1 Nxd4 20. Qe4 Qb3+ 21.
Kd2 Nxc3 22. Qxd4 Nxb1+ 0-1

[Event "AUTO-ADV-393"]
[Site "http://www.queenalice.com/game.php?id=214483"]
[Date "2007.5.21"]
[Round "2"]
[White "worlddomination"]
[Black "pyramidal"]
[Result "1-0"]
[WhiteElo "1828"]
[BlackElo "1788"]

1. e4 c5 2. Nf3 Nc6 3. d4 cxd4 4. Nxd4 e6 5. Nc3 Bb4 6. Bc4 Nf6 7. O-O O-O 8.
Nxc6 dxc6 9. e5 Nd5 10. Nxd5 exd5 11. Bd3 Re8 12. Bf4 f6 13. exf6 Qxf6 14. Bc1
Bf5 15. Bxf5 Qxf5 16. c3 Bc5 17. b4 Bd6 18. a3 Re6 19. Be3 Rae8 20. g3 a6 21.
Kg2 Rf8 22. Bc5 Rh6 23. h4 g5 24. Bxd6 Rxd6 25. Qh5 h6 26. hxg5 hxg5 27. Rae1
Rd7 28. Qe2 Rdf7 29. Qe6 Qf3+ 30. Kg1 Qxc3 31. Re5 Qd2 32. f4 Qd3 33. Rxg5+ Kh8
34. Rh5+ Rh7 35. Qe5+ Kg8 36. Rg5+ Kf7 37. Qc7+ 1-0

[Event "AUTO-ADV-393"]
[Site "http://www.queenalice.com/game.php?id=214484"]
[Date "2007.5.21"]
[Round "2"]
[White "pyramidal"]
[Black "worlddomination"]
[Result "0-1"]
[WhiteElo "1905"]
[BlackElo "1822"]

1. d4 Nf6 2. c4 g6 3. Nc3 Bg7 4. e4 d6 5. f4 O-O 6. Nf3 c5 7. h3 Nh5 8. Ne2 cxd4
9. Nfxd4 e5 10. Nf3 exf4 11. Nxf4 Ng3 12. Rg1 Qb6 0-1

[Event "Challenge"]
[Site "http://www.queenalice.com/game.php?id=225476"]
[Date "2007.6.15"]
[Round "-"]
[White "Bergman"]
[Black "pyramidal"]
[Result "1-0"]
[WhiteElo "2544"]
[BlackElo "1903"]

1. e4 c5 2. Nf3 Nc6 3. d4 cxd4 4. Nxd4 e6 5. Nb5 d6 6. N1c3 a6 7. Nd4 Qb6 8. Nb3
Be7 9. Be3 Qc7 10. f4 Nf6 11. Qf3 b5 12. Be2 Bb7 13. O-O b4 14. Na4 Nb8 15. Nb6
Bxe4 16. Nxa8 Qc6 17. Qg3 Qxa8 18. a3 1-0

[Event "Challenge"]
[Site "http://www.queenalice.com/game.php?id=225477"]
[Date "2007.6.15"]
[Round "-"]
[White "pyramidal"]
[Black "Bergman"]
[Result "0-1"]
[WhiteElo "1905"]
[BlackElo "2543"]

1. d4 Nf6 2. c4 e6 3. a3 d5 4. Nc3 c5 5. Nf3 cxd4 6. Nxd4 dxc4 7. Qa4+ Bd7 8.
Qxc4 Nc6 9. e4 Rc8 10. Be2 Ne5 11. Qb3 Bc5 12. Qd1 Qb6 13. Be3 Qxb2 14. Na4 Bxa4
15. Qxa4+ Nc6 16. Rd1 O-O 17. Nxc6 Rxc6 18. Bxc5 Rxc5 19. Qb4 Qc3+ 0-1

[Event "Invitation"]
[Site "http://www.queenalice.com/game.php?id=308196"]
[Date "2007.11.21"]
[Round "-"]
[White "arno"]
[Black "pyramidal"]
[Result "1-0"]
[WhiteElo "1408"]
[BlackElo "1756"]

1. e4 c5 2. Nf3 g6 3. Bc4 Bg7 4. c3 Nf6 5. d3 d6 6. Be3 O-O 7. O-O a6 8. a3 b5
9. Ba2 Bb7 10. Nbd2 Ng4 11. Bf4 Ne5 12. Nxe5 dxe5 13. Be3 Qxd3 14. Bxc5 Rc8 15.
Bxe7 Rc7 16. Bg5 h6 17. Bh4 Rd7 18. Nf3 Bxe4 19. Qxd3 Bxd3 20. Rad1 Bxf1 21.
Rxd7 Nxd7 22. Kxf1 Kf8 23. b3 Rd8 24. Bxd8 f5 25. Nh4 e4 26. Nxg6+ Kf7 27. Nh4
Ke8 28. Nxf5 Bxc3 29. Bc7 Bb2 30. a4 bxa4 31. bxa4 Nc5 32. Bc4 Nxa4 33. Bxa6 Nc5
34. Be2 Ne6 35. Ba5 Bc1 36. Ke1 Nf4 37. Nxh6 Nxe2 38. Kxe2 Bxh6 39. f3 exf3+ 40.
Kxf3 Kf7 41. g4 Kf6 42. Bd8+ Kg6 43. h4 Bd2 44. g5 Kh5 45. Ke4 Bc3 46. Kf5 Bb4
47. g6 Bf8 48. Bf6 Bh6 49. Be5 Kxh4 50. Bh8 Kh5 51. Kf6 Bf8 52. Kf7 Kh6 53. Bc3
Kg5 54. Bd2+ Kf5 55. Bc1 1-0

[Event "Challenge"]
[Site "http://www.queenalice.com/game.php?id=312937"]
[Date "2007.11.30"]
[Round "-"]
[White "Mike36bh"]
[Black "pyramidal"]
[Result "1-0"]
[WhiteElo "1722"]
[BlackElo "1774"]

1. d4 d6 2. e4 g6 3. Nc3 Bg7 4. h3 Nf6 5. Nf3 O-O 6. Bc4 a6 7. a4 c6 8. O-O d5
9. exd5 Nxd5 10. Bxd5 cxd5 11. Bf4 Nc6 12. Na2 Qb6 13. b3 Nxd4 14. Be3 Nxf3+ 15.
Qxf3 1-0